Word Ladder: Purim Quiz Stats

 Plays Quiz Updated Mar 23, 2016

Challenge
Share
Tweet
Embed
Score 0/22 Timer 03:00
0 Plays Today
Clue 6-Letter Word % Correct
Bonnie or Sarah JessicaPARKER
94.6%
More spicyHOTTER
93.2%
Fellow who runs a prisonWARDEN
92.7%
What concrete should do as it driesHARDEN
92.5%
Voldemort's mortal enemyPOTTER
92.1%
One who wields a baseball batHITTER
91.7%
Pig reared for eatingPORKER
91.1%
One or the otherEITHER
90%
Pub offering or a composer named ColePORTER
88.8%
____ and yonHITHER
87.8%
Give ear toHARKEN
80.8%
Clue 6-Letter Word % Correct
Jonathan ____, protagonist of Bram Stoker's DraculaHARKER
80%
Author Melville or TV character MunsterHERMAN
78.6%
Jewish heroine whose story is the basis of the Jewish holiday PurimESTHER
76.7%
Chris _____, long-time ESPN sportscaster known as BoomerBERMAN
61.2%
Fellow who runs a pubBARMAN
61.2%
Greek god whose Roman equivalent is MercuryHERMES
57.3%
1956 Ingrid Bergman film 'Elena and ___ ___'HER MEN
54.3%
Another term for soldiersWARMEN
49.4%
Prussian birthplace of Friedrich EngelsBARMEN
44%
Persian king, also known as Ahasuerus, who appears in '300' and [first rung] XERXES
35.1%
Germs, in GalicianXERMES
30%

Today's Daily Dose

You're not logged in!

Compare scores with friends on all Sporcle quizzes.
OR
Log In

You Might Also Like...

Show Comments

Extras

Top Quizzes Today


Score Distribution

Your Account Isn't Verified!

In order to create a playlist on Sporcle, you need to verify the email address you used during registration. Go to your Sporcle Settings to finish the process.

Report this User

Report this user for behavior that violates our Community Guidelines.

Details: